000 00510 a2200181 4500
001 066087
003 OSt
005 20210909160154.0
008
082 _a813.409
_bC73C
245 1 _aA companion to American fiction; 1865-1914
_cedited by Robert Paul Lamb and Gary Richard Thompson
260 _aUSA
_bBlackwell
_c2009
300 _a621p.
690 _aAmerican fiction
700 _eLamb, Robert Paul, ed.
700 _eThompson, Gary Richard, ed.
942 _2ddc
_cBK
999 _c279
_d279